LEADER 00810nam0-22002411i-450 001 990004774280403321 005 20260318105458.0 035 $aFED01000477428 100 $a19990530g19309999km-y0itay50------ba 101 0 $alat$agrc 105 $ay-------001yy 200 1 $aFontes historiae mysteriorum aevi hellenistici$eE graecis et latinis scriptoribus selegit brevi adnotatione instruxit$fNicolaus Turchi 205 $aEdizione anastatica 210 $aRoma$cLibr. di Scienze e Lettere$d1930. 215 $aVIII, 308 p.$d21 cm 700 1$aTurchi,$bNicola$c<1882-1958>$0326653 801 0$aIT$bUNINA$gRICA$2UNIMARC 901 $aBK 912 $a990004774280403321 952 $aV F 23$bBibl. 35470$fFLFBC 959 $aFLFBC 996 $aFontes historiae mysteriorum aevi hellenistici$9559312 997 $aUNINA